U-11 SARAY BOSNA BİR RÜYANIN BAŞKENTİ (Kayıt no. 1253683)

MARC ayrıntıları
000 -LEADER
sabit uzunluktaki kontrol alanı 00291nam a2200097Ia 4500
001 - KONTROL NUMARASI
kontrol alanı 1253683
005 - EN SON İŞLEMİN TARİH VE ZAMANI
kontrol alanı 20251031150958.0
008 - SABİT-UZUNLUKTA VERİ ÖĞELERİ--GENEL BİLGİ
sabit uzunluktaki kontrol alanı 251031s9999 xx 000 0 und d
245 #0 - ESER / YAZAR
Yazar Adı FİGEN YAMAN COŞAR
ESER ADI U-11 SARAY BOSNA BİR RÜYANIN BAŞKENTİ
260 ## - YAYIN, DAĞITIM, VB.
YAYIN EVİ TÜRKİYE DİYANET VAKFI YAYINLARI
Mevcut
Düşüm durumu Kayıp durumu Hasar Durumu Ödünç verilmez Ana kütüphane Geçerli Kütüphane Edinilen tarih Toplam ödünç verme sayısı Tam yer numarası Barkod Son görüntüleme tarihi Fiyatın geçerli olmaya başladığı tarih Koha materyal türü
        ŞEHİT BURAK GENÇ CELEP HAVA LOJMAN KÜTÜPHANESİ ŞEHİT BURAK GENÇ CELEP HAVA LOJMAN KÜTÜPHANESİ 30.10.2025   U-11 / GENEL-5 11048690000042081 31.10.2025 31.10.2025 Kitaplar
Gemini Bilgi Teknolojileri A.Ş. tarafından düzenlenmiştir.